Missing Word: Stand-Up Comedians (A-Z) Quiz Stats

 Plays Quiz Updated Nov 10, 2018

     
Support Sporcle.
Go Orange.
Score 0/25 Timer 03:00
1 Play Today
Stand-Up Comedian Missing Word % Correct
_______ Murphy (E)Eddie
94.8%
_______ Seinfeld (J)Jerry
93.3%
_______ Rock (C)Chris
89.6%
_______ Carlin (G)George
86.9%
_______ Galifianakis (Z)Zach
83.7%
Steve _______ (M)Martin
82.7%
_______ Hart (K)Kevin
82.6%
Rodney _______ (D)Dangerfield
82%
_______ C.K. (L)Louis
81.5%
_______ Allen (T)Tim
81.3%
Richard _______ (P)Pryor
78.3%
_______ Williams (R)Robin
77.9%
_______ Jones (Q)Quincy
73.7%
Stand-Up Comedian Missing Word % Correct
_______ Macdonald (N)Norm
72.7%
Amy _______ (S)Schumer
69.5%
Jeff _______ (F)Foxworthy
66.6%
_______ Ansari (A)Aziz
63.8%
Patton _______ (O)Oswalt
62.9%
Eddie _______ (I)Izzard
55.5%
Hannibal _______ (B)Burress
42.5%
Mitch _______ (H)Hedberg
39.9%
Henny _______ (Y)Youngman
38.7%
Steven _______ (W)Wright
36.2%
Sheryl _______ (U)Underwood
34.3%
_______ Wood (V)Victoria
20.6%

Today's Daily Dose

From the Vault

History Hunt: United Kingdom

by hjckr

History 7m
Most of this quiz is trivia, but the rest is history.
Remove Ads.
Support Sporcle.
Get the best of Sporcle when you Go Orange. This ad-free experience offers more features, more stats, and more fun while also helping to support Sporcle. Thank you for becoming a member.

Show Comments

Extras

Top Quizzes Today


Score Distribution

Your Account Isn't Verified!

In order to create a playlist on Sporcle, you need to verify the email address you used during registration. Go to your Sporcle Settings to finish the process.

Report this User

Report this user for behavior that violates our Community Guidelines.

Details: